000 00554nam a2200193Ia 4500
003 GCL
008 140319s9999 xx 000 0 eng d
040 _aGCL /
_cGCL
082 0 4 _a371.2424
_bB B
100 1 _aBLATCHFORD, PETER
245 1 0 _aBREAKTIME AND THE SCHOOL: UNDERSTANDING AND CHANGING PLAYGROUND BEHAVIOR /
_cBLATCHFORD, PETER
260 _a[S.N] :
_bROUTLEDGE ،
_c1994
300 _a205 P
650 0 4 _aCHILD PSYCHOLOGY
650 0 4 _aRECESSES SOCIAL ASPECTS
650 0 4 _aPLAYGROUNDS
650 0 4 _aSCHOOL MANAGEMENT
942 _2ddc
_cBK
999 _c17922
_d17922